<?xml version="1.0" encoding="UTF-8"?>
<record
    xmlns:xsi="http://www.w3.org/2001/XMLSchema-instance"
    xsi:schemaLocation="http://www.loc.gov/MARC21/slim http://www.loc.gov/standards/marcxml/schema/MARC21slim.xsd"
    xmlns="http://www.loc.gov/MARC21/slim">

  <leader>01195cam a22002891a 4500</leader>
  <controlfield tag="001">ne 67000834 </controlfield>
  <controlfield tag="003">DLC</controlfield>
  <controlfield tag="005">20260227111831.0</controlfield>
  <controlfield tag="008">910508s1963    le       b    000 0 arar </controlfield>
  <datafield tag="010" ind1=" " ind2=" ">
    <subfield code="a">ne 67000834 </subfield>
  </datafield>
  <datafield tag="035" ind1=" " ind2=" ">
    <subfield code="a">(OCoLC)23718461</subfield>
  </datafield>
  <datafield tag="040" ind1=" " ind2=" ">
    <subfield code="a">DLC</subfield>
    <subfield code="c">MnU</subfield>
    <subfield code="d">DLC</subfield>
  </datafield>
  <datafield tag="042" ind1=" " ind2=" ">
    <subfield code="a">premarc</subfield>
  </datafield>
  <datafield tag="043" ind1=" " ind2=" ">
    <subfield code="a">f-ua---</subfield>
    <subfield code="a">a-sy---</subfield>
  </datafield>
  <datafield tag="050" ind1="0" ind2="0">
    <subfield code="a">DT95.5</subfield>
    <subfield code="b">.I184</subfield>
  </datafield>
  <datafield tag="100" ind1="2" ind2=" ">
    <subfield code="a">Ibn &#x1E6C;&#x16B;l&#x16B;n, Shams al-D&#x12B;n Mu&#x1E25;ammad ibn &#x2BB;Al&#x12B;,</subfield>
    <subfield code="d">1485?-1546.</subfield>
  </datafield>
  <datafield tag="245" ind1="1" ind2="0">
    <subfield code="a">Umar&#x101;&#x2BC; Mi&#x1E63;r f&#x12B; al-Isl&#x101;m /</subfield>
    <subfield code="c">li-Ibn &#x1E6C;&#x16B;l&#x16B;n. Tazw&#x12B;j F&#x101;&#x1E6D;imah bint al-Ras&#x16B;l / lil-Im&#x101;m al-B&#x101;qir. Ras&#x101;&#x2BC;il lil-&#x2BB;Im&#x101;d wa-al-Q&#x101;&#x1E0D;&#x12B; al-F&#x101;&#x1E0D;il bi-mad&#x1E25; Dimashq / nasharah&#x101; &#x1E62;al&#x101;h al-D&#x12B;n al-Munajjid.</subfield>
  </datafield>
  <datafield tag="260" ind1=" " ind2=" ">
    <subfield code="a">Bayr&#x16B;t :</subfield>
    <subfield code="b">D&#x101;r al-Kit&#x101;b al-Jad&#x12B;d,</subfield>
    <subfield code="c">[1963?]</subfield>
  </datafield>
  <datafield tag="300" ind1=" " ind2=" ">
    <subfield code="a">86 p. ;</subfield>
    <subfield code="c">25 cm.</subfield>
  </datafield>
  <datafield tag="440" ind1=" " ind2="0">
    <subfield code="a">Ras&#x101;&#x2BC;il wa-al-nu&#x1E63;&#x16B;s ;</subfield>
    <subfield code="v">1</subfield>
  </datafield>
  <datafield tag="504" ind1=" " ind2=" ">
    <subfield code="a">Includes bibliographical references.</subfield>
  </datafield>
  <datafield tag="651" ind1=" " ind2="0">
    <subfield code="a">Egypt</subfield>
    <subfield code="x">History</subfield>
    <subfield code="y">640-1250.</subfield>
  </datafield>
  <datafield tag="651" ind1=" " ind2="0">
    <subfield code="a">Syria</subfield>
    <subfield code="x">History</subfield>
    <subfield code="x">Sources.</subfield>
  </datafield>
  <datafield tag="700" ind1="1" ind2=" ">
    <subfield code="a">Munajjid, &#x1E62;al&#x101;&#x1E25; al-D&#x12B;n.</subfield>
  </datafield>
  <datafield tag="700" ind1="0" ind2="2">
    <subfield code="a">Mu&#x1E25;ammad al-B&#x101;qir ibn &#x2BB;Al&#x12B; Zayn al-&#x2BB;&#x100;bid&#x12B;n,</subfield>
    <subfield code="d">-731 or 732.</subfield>
    <subfield code="t">Tazw&#x12B;j F&#x101;&#x1E6D;imah bint al-Ras&#x16B;l.</subfield>
  </datafield>
  <datafield tag="740" ind1="0" ind2=" ">
    <subfield code="a">Ras&#x101;&#x2BC;il lil-&#x2BB;Im&#x101;d wa-al-Q&#x101;&#x1E0D;&#x12B; al-F&#x101;&#x1E0D;il bi-mad&#x1E25; Dimashq.</subfield>
  </datafield>
  <datafield tag="999" ind1=" " ind2=" ">
    <subfield code="c">49566</subfield>
    <subfield code="d">49566</subfield>
  </datafield>
</record>
